Multiple Choice City Quiz - Oxford - Statistics

General Stats
  • This quiz has been taken 40 times
  • The average score is 8 of 10
Answer Stats
Question Answer % Correct
What item is named after its links with Oxford? English Dictionary
95%
Which river flows through Oxford? Thames (or Isis)
89%
Which famous author was a professor at Oxford University? J.R.R. Tolkien
86%
Which building can be found in Oxford? Bodleian Library
84%
What name is given to a sometimes contentious grammatical construction? Oxford comma
81%
What is Oxford's nickname? City of Dreaming Spires
76%
What world-renowned Oxford museum houses a large collection of artefacts? Ashmolean Museum
73%
In 1954, at Oxford, who first achieved a sub-four-minute mile? Roger Bannister
68%
What is the straight line distance between central Oxford and central Cambridge? 66 miles (107 km)
51%
What is the name of a college at the university of Oxford? Balliol College
51%
No matching quizzes found
Score Distribution
Percent of People with Each Score
Percentile by Number Answered
Your Score History
You have not taken this quiz